Учебник немецкого языка. Ч. 2 (Запись № 13573692)

Подробности
000 -МАРКЕР
контрольное поле 00996nam2a2200229 4500
001 - ИДЕНТИФИКАТОР ЗАПИСИ
контрольное поле rc\2836545
005 - ИДЕНТИФИКАТОР ВЕРСИИ
контрольное поле 20260315045553.0
035 ## - ДРУГИЕ СИСТЕМНЫЕ НОМЕРА
Идентификатор записи (NLR Aleph) 006994286
100 ## - ДАННЫЕ ОБЩЕЙ ОБРАБОТКИ
Данные общей обработки 20110628d1931 u y0rusy50 ca
101 0# - ЯЗЫК РЕСУРСА
Язык текста, звукозаписи и т.д. русский
102 ## - СТРАНА ПУБЛИКАЦИИ ИЛИ ПРОИЗВОДСТВА
Страна публикации российская федерация
105 ## - ПОЛЕ КОДИРОВАННЫХ ДАННЫХ: ТЕКСТОВЫЕ МАТЕРИАЛЫ, МОНОГРАФИЧЕСКИЕ
Кодированные данные о монографическом текстовом документе y z |||||
200 0# - ЗАГЛАВИЕ И СВЕДЕНИЯ ОБ ОТВЕТСТВЕННОСТИ
Основное заглавие Ч. 2
210 ## - ПУБЛИКАЦИЯ, РАСПРОСТРАНЕНИЕ И ДР.
Дата издания, распространения и т.д. 1931
215 ## - ФИЗИЧЕСКАЯ ХАРАКТЕРИСТИКА
Специфическое обозначение материала и объем 288 с.
461 #0 - УРОВЕНЬ НАБОРА
Встроенное поле 001rc\2836544
-- 2000#$aУчебник немецкого языка$eДля высш. учеб. заведений и для взрослых ...$fИ. Кордес и А. Несслер$vЧ. 2
-- 700#1$aКордес$bИ.Р.$gИван Романович$f1884-
Системный номер (АБИС) связанной записи 5657222
Автор Кордес, И.Р. (1884-)
Место публикации Москва
Дата публикации 1931
Первые сведения об ответственности И. Кордес и А. Несслер
Имя издателя, распространителя и т.д. Огиз
Сведения, относящиеся к заглавию Для высш. учеб. заведений и для взрослых ...
Заглавие Учебник немецкого языка
Номер тома Ч. 2
801 #0 - ИСТОЧНИК ЗАПИСИ
Страна российская федерация
Организация NLR
Правила каталогизации psbo
801 #1 - ИСТОЧНИК ЗАПИСИ
Страна российская федерация
Организация ELAR
Источник данных rusmarc
852 ## - МЕСТОНАХОЖДЕНИЕ И ШИФР ХРАНЕНИЯ
Идентификатор организации NLR
Шифр хранения (Call Number) 31-18/131(2)
942 ## - ДОПОЛНИТЕЛЬНЫЕ ЭЛЕМЕНТЫ ЗАПИСИ (АБИС)
Тип экземпляра АБИС Неопределено
980 ## - КОЛЛЕКЦИЯ
Название коллекции Национальная библиография

Нет доступных экземпляров.